| 000 | 00792cam a2200205 4500 | ||
|---|---|---|---|
| 001 | WB3901-05 | ||
| 008 | 030109n2003 000 0 eng u | ||
| 035 | _a(Sirsi) u120957 | ||
| 245 | _aHousebuilding: November 2002 | ||
| 260 | _c2003 | ||
| 490 |
_aODPM Statistical Release _v(HB-13) 9 January 2003, (2) |
||
| 520 | _aODPM statistics outlining housebuilding figures for November 2002 estimate that 14 200 dwellings were started and 15 400 completed. Seasonally adjusted figures show that total starts were up 3% on the same period in 2001, and total completions were up 6%. www.odpm.gov.uk/news/0301/hb-13.htm | ||
| 590 | _aWB | ||
| 650 | _aHOUSE BUILDING | ||
| 650 | _aNEW STARTS | ||
| 650 | _aCOMPLETIONS | ||
| 650 | _aSTATISTICS | ||
| 690 | _aBUILT ENVIRONMENT | ||
| 942 | _n0 | ||
| 999 |
_c71905 _d71905 |
||